Central Library OPAC University of Rajshahi

Refrigeration, air conditioning and environmental control in India / (Record no. 14210)

MARC details
000 -LEADER
fixed length control field 00705nam a22002297a 4500
001 - CONTROL NUMBER
control field 14210
003 - CONTROL NUMBER IDENTIFIER
rucl marc code BD-RjUL
005 - DATE AND TIME OF LATEST TRANSACTION
control field 20211208235605.0
008 - FIXED-LENGTH DATA ELEMENTS--GENERAL INFORMATION
fixed length control field 140205s1968 ii a|||| |||| 001 0 eng d
035 ## - SYSTEM CONTROL NUMBER
System control number (BD-RjUL)14262
040 ## - CATALOGING SOURCE
Original cataloging agency BD-RjUL
Language of cataloging eng
Transcribing agency BD-RjUL
Modifying agency BD-RjUL
041 ## - LANGUAGE CODE
Language code of text/sound track or separate title eng
082 04 - DEWEY DECIMAL CLASSIFICATION NUMBER
Classification number 697.002
Author mark and year KAR 1968
100 1# - MAIN ENTRY--PERSONAL NAME
Personal name Kadambi, V.
9 (RLIN) 44375
245 1# - TITLE STATEMENT
Title Refrigeration, air conditioning and environmental control in India /
Statement of responsibility, etc. by V. Kadambi
260 ## - PUBLICATION, DISTRIBUTION, ETC. (IMPRINT)
Place of publication, distribution, etc. New Delhi :
Name of publisher, distributor, etc. Prentice-Hall of India,
Date of publication, distribution, etc. 1968
300 ## - PHYSICAL DESCRIPTION
Pagination vi, 304 p. :
Illustrations ill. ;
Size 25 cm.
504 ## - BIBLIOGRAPHY, ETC. NOTE
Bibliography, etc Include index
650 #0 - SUBJECT ADDED ENTRY--TOPICAL TERM
Topical term or geographic name as entry element Air conditioning -- Climatic factors.
9 (RLIN) 44376
700 1# - ADDED ENTRY--PERSONAL NAME
Personal name Hutchinson F .W.
942 ## - ADDED ENTRY ELEMENTS (KOHA)
Source of classification or shelving scheme Dewey Decimal Classification
Koha item type Books
Holdings
Lost status Source of classification or shelving scheme Damaged status Not for loan Collection code Permanent Location Current Location Shelving location Date acquired Source of acquisition Cost, normal purchase price Total Checkouts Full call number Date last seen Copy number Koha item type
  Dewey Decimal Classification     Non-fiction Central Library, University of Rajshahi Central Library, University of Rajshahi   29/03/1976 Prentice hall of India 15.00   697.002 KAR 1968 05/02/2014 C-3 Books
  Dewey Decimal Classification   Not For Loan Non-fiction Central Library, University of Rajshahi Central Library, University of Rajshahi Reading Room 29/03/1976 Prentice Hall, India 15.00   697.002 KAR 1968 03/04/2017 C-1 Books
  Dewey Decimal Classification     Non-fiction Central Library, University of Rajshahi Central Library, University of Rajshahi   29/03/1976 Prentice Hall, India 15.00   697.002 KAR 1968 03/04/2017 C-2 Books
  Dewey Decimal Classification     Non-fiction Central Library, University of Rajshahi Central Library, University of Rajshahi   29/03/1976 Prince hall of india 15.00   697.002 KAR 1968 05/06/2017 C-4 Books